Mahesh Dattani: (Record no. 144077)

MARC details
000 -LEADER
fixed length control field 00661nam a22001817a 4500
010 ## - LCCN (DPL NO)
LC control number ENG-120320
020 ## - INTERNATIONAL STANDARD BOOK NUMBER
International Standard Book Number 9788179775042
Terms of availability 120.00
035 ## - SYSTEM CONTROL NUMBER
System control number EN-103852
037 ## - SOURCE OF ACQUISITION
Source of stock number/acquisition DBAD/PUB
082 ## - DEWEY DECIMAL CLASSIFICATION NUMBER
Classification number 882.092
100 ## - MAIN ENTRY--PERSONAL NAME
Personal name Agrawal, Nidhi
245 ## - TITLE STATEMENT
Title Mahesh Dattani:
Statement of responsibility, etc by Nidhi Agrawal
Remainder of title seven steps around the fire /
260 ## - PUBLICATION, DISTRIBUTION, ETC. (IMPRINT)
Place of publication, distribution, etc Uttar Pradesh
Name of publisher, distributor, etc Prakash Book Depot
Date of publication, distribution, etc 2013
270 ## - ADDRESS
Address Bara Bazar Bareilly
City Uttar Pradesh
Postal code 243003
300 ## - PHYSICAL DESCRIPTION
Extent 257p.
Dimensions 22cm(pbk).
505 ## - FORMATTED CONTENTS NOTE
Formatted contents note with introduction, text, paraphrase, summary, word-meaning, explanations, objective questions and other critical discussions.
942 ## - ADDED ENTRY ELEMENTS (KOHA)
Source of classification or shelving scheme Dewey Decimal Classification
Item type English Books
Classification part 882.092
Call number suffix AGR
Holdings
Withdrawn status Lost status Not for loan Collection code Home library Current library Date acquired Source of acquisition Cost, normal purchase price Full call number Barcode Copy number Cost, replacement price Koha item type
      Non-fiction Sarojini Nagar Sarojini Nagar 06/09/2017 DBAD/PUB 120.00 882.092 AGR EN-103852 1 120.00 English Books

© Delhi Public Library
Hit Counter
free hit counter